Vlnové dĺžky rizika
Zmysel ratingu. Užívatelia ratingu. Koncept ratingu. Rating Moody's v krajinách V4.
Gespeichert in:
| 1. Verfasser: | |
|---|---|
| Weitere Verfasser: | |
| Format: | Buchkapitel |
| Sprache: | Slowakisch |
| Schlagworte: | |
| Tags: |
Keine Tags, Fügen Sie das erste Tag hinzu!
|
MARC
| LEADER | 00000naa a2200000 4500 | ||
|---|---|---|---|
| 001 | r044695 | ||
| 005 | 20230920074005.6 | ||
| 041 | 0 | |a slo | |
| 044 | |a SK | ||
| 245 | 1 | 0 | |a Vlnové dĺžky rizika |c Želmíra Habánová, Štefan Rejta |
| 520 | |a Zmysel ratingu. Užívatelia ratingu. Koncept ratingu. Rating Moody's v krajinách V4. | ||
| 610 | 2 | 0 | |a rating |
| 610 | 2 | 0 | |a investori |
| 610 | 2 | 0 | |a investície |
| 610 | 2 | 0 | |a poradenstvo |
| 610 | 2 | 0 | |a trh finančný |
| 610 | 2 | 0 | |a Slovensko |
| 100 | 1 | |a Habánová, Želmíra | |
| 700 | 1 | |a Rejta, Štefan | |